00413nam a2200157 a 450000100060000000300090000600800410001502000150005604000280007108200090009910000390010824500340014726000410018130000100022265000230023217568CO-ViMGA141112s2004 ck r 000 u spa d a8424178998 aCO-ViMGAbspacCO-ViMGA04aMCCp1 aMcCormick, Wendy; Eachus, Jennifer10aPapá ¿me echaras de menos? aLeón (España), cEverest, c2000 a30.p.14aCUENTOS INFANTILES